Captain America Winter Soldier - Statistics

General Stats
  • This quiz has been taken 66 times
  • The average score is 3 of 7
Answer Stats
Hint Answer % Correct
who is the winter solider Bucky Barnes
98%
Which other avenger was in the movie Blackwidow
96%
who was the computer Arnim Zola
54%
who died in the car Nick Fury
43%
Who were the people at the end credits Scarlet Witch
26%
Quicksilver
22%
who is the main villain Winter Solidier
2%
No matching quizzes found
Score Distribution
Percent of People with Each Score
Percentile by Number Answered
Your Score History
You have not taken this quiz